|
|
|
|
| LEADER |
00000nab a2200000 a 4500 |
| 001 |
vtls008416118 |
| 003 |
SK-MaSNL |
| 005 |
20260304020114.0 |
| 008 |
040806c2005 xo 0 slo |
| 015 |
|
|
|a SNBCL2005/5
|
| 035 |
|
|
|a SLK034419
|
| 040 |
|
|
|a SLKCL
|b slo
|c SNKBUCL
|e AACR2
|
| 041 |
1 |
|
|a slo
|
| 044 |
|
|
|a xo
|c SK
|
| 080 |
|
|
|a 616.132-007.64-07:061.3
|2 1981
|
| 100 |
1 |
|
|a Gergely, Ladislav
|4 aut
|9 752656
|
| 245 |
1 |
0 |
|a Využitie duplexnej sonografie v diagnostike disekujúcej aneuryzmy typu A - vlastné skúsenosti
|c L. Gergely, P. Fulop
|
| 650 |
0 |
7 |
|a disekujúca aneuryzma
|2 MESH
|9 158644
|
| 650 |
0 |
7 |
|a ultrasonografia Dopplerova duplexná
|2 MESH
|9 871974
|
| 650 |
0 |
7 |
|a aneuryzma aorty
|2 MESH
|9 24112
|
| 650 |
0 |
7 |
|a abstrakty z kongresu
|2 MESH
|9 168204
|
| 700 |
1 |
|
|a Fulop, P.
|4 aut
|u Interné oddelenie, NsP, Svidník
|9 850395
|
| 711 |
1 |
|
|a Slovenský angiologický kongres
|n (12. :
|d 2004 :
|c Tatranské Zruby, Slovensko)
|4 aut
|9 99838
|
| 773 |
0 |
|
|w SERIAL_GENERAL*000097*2005*005*001
|x 1210-3411
|t Praktická flebologie
|g Roč. 14, č. 1 (2005), s. 32
|
| 850 |
|
|
|a Slovenská lekárska knižnica v Bratislave
|a BA006
|
| 852 |
|
|
|a BA006
|b KIS3GCP
|b 000500000
|
| 999 |
|
|
|c 2596538
|d 2598468
|